Catálogo
 En Linea

Hora zero : (Registro nro. 19389)

Detalles MARC
000 -CABECERA
campo de control de longitud fija 01356cam a22003014a 4500
001 - NÚMERO DE CONTROL
campo de control 000019876
005 - FECHA Y HORA DE LA ÚLTIMA TRANSACCIÓN
campo de control 20200929170156.0
008 - DATOS DE LONGITUD FIJA--INFORMACIÓN GENERAL
campo de control de longitud fija 000818s2000 ve b 000 0 spa
010 ## - NÚMERO DE CONTROL DE LA BIBLIOTECA DEL CONGRESO
Número de control de LC 2001317519
020 ## - NÚMERO INTERNACIONAL ESTÁNDAR DEL LIBRO
Número Internacional Estándar del Libro 9803451952
035 ## - NÚMERO DE CONTROL DEL SISTEMA
Número de control de sistema (BoCbEI)ei 000300731
040 ## - FUENTE DE LA CATALOGACIÓN
Centro catalogador/agencia de origen DO-SdBNP
Centro/agencia transcriptor DLC
Centro/agencia modificador DLC
042 ## - CÓDIGO DE AUTENTICACIÓN
Código de autenticación pcc
050 00 - SIGNATURA TOPOGRÁFICA DE LA BIBLIOTECA DEL CONGRESO
Número de clasificación PQ7084
Número de documento/Ítem .H67 2000
082 00 - NÚMERO DE LA CLASIFICACIÓN DECIMAL DEWEY
Número de clasificación 861/.6408098
Número de edición 21
245 00 - MENCIÓN DE TÍTULO
Título Hora zero :
Resto del título la ultima vanguardia latinoamericana de poesia /
Mención de responsabilidad, etc. [seleccion, introduccion y notas] Tulio Mora.
246 3# - FORMA VARIANTE DE TÍTULO
Título propio/Titulo breve Hora 0
250 ## - MENCIÓN DE EDICIÓN
Mención de edición 1ra. ed.
260 ## - PUBLICACIÓN, DISTRIBUCIÓN, ETC.
Lugar de publicación, distribución, etc. Los Teques, Estado Miranda, Venezuela :
Nombre del editor, distribuidor, etc. Ateneo de Los Teques,
Fecha de publicación, distribución, etc. 2000.
300 ## - DESCRIPCIÓN FÍSICA
Extensión 127 p. ;
Dimensiones 22 cm.
440 #0 - MENCIÓN DE SERIE/PUNTO DE ACCESO ADICIONAL--TÍTULO
Título Coleccion Ateneo de Los Teques ;
Designación de volumen o secuencia no. 39
9 (RLIN) 42407
504 ## - NOTA DE BIBLIOGRAFÍA, ETC.
Nota de bibliografía, etc. Includes bibliographical references (p. 121-127).
505 0# - NOTA DE CONTENIDO CON FORMATO
Nota de contenido con formato Andre Laude -- Jorge Pimentel -- Jorge Najar -- Juan Ramirez Ruiz -- Carmen Olle -- Tristan Cabral -- Tulio Mora -- Jose Cerna -- Cesar Gamarra -- Ricardo Ore -- Enrique Verastegui -- Roberto Bolano -- Pedro Damian -- Yulino Davila -- Mario Santiago Papasquiaro -- Bernardo Alvarez -- Angel Garrido Espinoza -- Bruno Montane Krebs -- Roxana Crisologo.
650 #0 - PUNTO DE ACCESO ADICIONAL DE MATERIA--TÉRMINO DE MATERIA
Término de materia o nombre geográfico como elemento de entrada Spanish american poetry
Subdivisión cronológica 20th century.
9 (RLIN) 42408
700 1# - PUNTO DE ACCESO ADICIONAL--NOMBRE DE PERSONA
Nombre de persona Mora, Tulio,
Fechas asociadas al nombre 1948-
9 (RLIN) 42409
710 2# - PUNTO DE ACCESO ADICIONAL--NOMBRE DE ENTIDAD CORPORATIVA
Nombre de entidad corporativa o nombre de jurisdicción como elemento de entrada Movimiento Hora Zero.
9 (RLIN) 42410
910 ## - DATOS DE OPCIÓN DEL USUARIO (OCLC)
Datos de opción del usuario Catalogación derivada / LC
Existencias
Estado de retiro Estado de pérdida Restricciones de uso No para préstamo Código de colección Localización permanente Ubicación/localización actual Ubicación en estantería Fecha de adquisición Número de inventario Total de préstamos Signatura topográfica completa Código de barras Fecha visto por última vez Precio válido a partir de Tipo de ítem Koha
      Excluido de préstamo Monografías: Libros y Folletos General General Depósito 08.07.2010 LF1   861/.6408098 19876-10 25.06.2020 25.06.2020 No se presta

Con tecnología Koha